| 000 | 00700nam a2200193Ia 4500 | ||
|---|---|---|---|
| 008 | 140626s9999 xx 000 0 und d | ||
| 100 | _aSeeley, J. | ||
| 245 | 4 |
_aThe modeling of internalizing disorders on the basis of patterns of lifetime comorbidity : _bassociations with psychosocial functioning and psychiatric disorders among first-degree relatives / _cJ. Seeley ... [et al.]. |
|
| 260 | _cc2011. | ||
| 300 | _a120 : 2, page 308 | ||
| 440 | _aJournal of Abnormal Psychology | ||
| 521 | _aPSYCH | ||
| 650 | _aAnxiety disorders. | ||
| 650 | _aInternalizing disorders. | ||
| 650 | _aMeasurement model. | ||
| 650 | _aMood disorders. | ||
| 650 | _aPsychosocial functioning. | ||
| 942 | _cSE | ||
| 999 |
_c121285 _d121285 |
||